Opportunities in data and word processing careers / (Record no. 48856)

MARC details
000 -LEADER
fixed length control field 01169pam a2200301 a 4500
001 - CONTROL NUMBER
control field 3050832
003 - CONTROL NUMBER IDENTIFIER
control field OSt
005 - DATE AND TIME OF LATEST TRANSACTION
control field 20170221112012.0
008 - FIXED-LENGTH DATA ELEMENTS--GENERAL INFORMATION
fixed length control field 960104s1996 ilua b 000 0 eng
010 ## - LIBRARY OF CONGRESS CONTROL NUMBER
LC control number 96004297
020 ## - INTERNATIONAL STANDARD BOOK NUMBER
International Standard Book Number 0844246123
020 ## - INTERNATIONAL STANDARD BOOK NUMBER
International Standard Book Number 9780844246123
040 ## - CATALOGING SOURCE
Original cataloging agency DLC
Transcribing agency DLC
Modifying agency DLC
050 00 - LIBRARY OF CONGRESS CALL NUMBER
Classification number QA76.25
Item number .M86 1996
082 00 - DEWEY DECIMAL CLASSIFICATION NUMBER
Classification number 651.8/023
Edition number 20
100 1# - MAIN ENTRY--PERSONAL NAME
Personal name Munday, Marianne Forrester.
245 10 - TITLE STATEMENT
Title Opportunities in data and word processing careers /
Statement of responsibility, etc Marianne Forrester Munday ; foreword by Jerome Heitman.
260 ## - PUBLICATION, DISTRIBUTION, ETC. (IMPRINT)
Place of publication, distribution, etc Lincolnwood, Ill. :
Name of publisher, distributor, etc VGM Career Horizons,
Date of publication, distribution, etc 1996.
300 ## - PHYSICAL DESCRIPTION
Extent xiv, 146 p. :
Other physical details ill. ;
Dimensions 20 cm.
440 #0 - SERIES STATEMENT/ADDED ENTRY--TITLE
Title VGM opportunities series
504 ## - BIBLIOGRAPHY, ETC. NOTE
Bibliography, etc Includes bibliographical references (p. 135-137).
650 #0 - SUBJECT ADDED ENTRY--TOPICAL TERM
Topical term or geographic name as entry element Electronic data processing
General subdivision Vocational guidance.
650 #0 - SUBJECT ADDED ENTRY--TOPICAL TERM
Topical term or geographic name as entry element Word processing
General subdivision Vocational guidance.
856 42 - ELECTRONIC LOCATION AND ACCESS
Materials specified Publisher description
Uniform Resource Identifier <a href="http://www.loc.gov/catdir/description/mh041/96004297.html">http://www.loc.gov/catdir/description/mh041/96004297.html</a>
906 ## - LOCAL DATA ELEMENT F, LDF (RLIN)
a 7
b cbc
c orignew
d 1
e ocip
f 19
g y-gencatlg
942 ## - ADDED ENTRY ELEMENTS (KOHA)
Source of classification or shelving scheme Library of Congress Classification
Koha item type Book
Holdings
Withdrawn status Lost status Source of classification or shelving scheme Damaged status Not for loan Collection code Home library Current library Shelving location Date acquired Source of acquisition Cost, normal purchase price Total Checkouts Full call number Barcode Price effective from Koha item type
    Library of Congress Classification     Non-fiction Bishop Okullu Memorial Library (Limuru Campus) Bishop Okullu Memorial Library (Limuru Campus) General Circulation 21/02/2017 Donation-BFA 500.00   QA76.25 .M86 1996 050967 21/02/2017 Book